Social media management : (Record no. 22976)
[ view plain ]
| 000 -LEADER | |
|---|---|
| fixed length control field | 00808cam a22002535a 4500 |
| 008 - FIXED-LENGTH DATA ELEMENTS--GENERAL INFORMATION | |
| fixed length control field | 161101b xxu||||| |||| 00| 0 eng d |
| 020 ## - INTERNATIONAL STANDARD BOOK NUMBER | |
| International Standard Book Number | 9783319219899 |
| 040 ## - CATALOGING SOURCE | |
| Language of cataloging | eng |
| Modifying agency | EG-ScBUE |
| 082 04 - DEWEY DECIMAL CLASSIFICATION NUMBER | |
| Classification number | 658.144 |
| Edition number | 22 |
| Item number | VAN |
| 100 1# - MAIN ENTRY--PERSONAL NAME | |
| Personal name | Van Looy, Amy, |
| Relator term | author. |
| 245 10 - TITLE STATEMENT | |
| Title | Social media management : |
| Remainder of title | technologies and strategies for creating business value / |
| Statement of responsibility, etc | Amy Van Looy. |
| 250 ## - EDITION STATEMENT | |
| Edition statement | 1st ed. |
| 260 ## - PUBLICATION, DISTRIBUTION, ETC. (IMPRINT) | |
| Place of publication, distribution, etc | Cham : |
| Name of publisher, distributor, etc | Springer ; |
| Date of publication, distribution, etc | 2016. |
| 263 ## - PROJECTED PUBLICATION DATE | |
| Projected publication date | 201510 |
| 300 ## - PHYSICAL DESCRIPTION | |
| Extent | 1 volume : |
| Dimensions | 24 cm. |
| Other physical details | ill. ; |
| 490 0# - Series Statement | |
| Series statement | Springer texts in business and economics |
| 504 ## - BIBLIOGRAPHY, ETC. NOTE | |
| Bibliography, etc | Includes bibliographical references. |
| 590 ## - LOCAL NOTE (RLIN) | |
| Local note | shima |
| 650 #7 - SUBJECT ADDED ENTRY--TOPICAL TERM | |
| Topical term or geographic name as entry element | Internet marketing |
| General subdivision | Social aspects. |
| Source of heading or term | BUEsh |
| 650 #7 - SUBJECT ADDED ENTRY--TOPICAL TERM | |
| Topical term or geographic name as entry element | Social media |
| General subdivision | Management. |
| Source of heading or term | BUEsh |
| 651 ## - SUBJECT ADDED ENTRY--GEOGRAPHIC NAME | |
| Source of heading or term | BUEsh |
| 653 ## - INDEX TERM--UNCONTROLLED | |
| Resource For college | Communication and mass media |
| Arrived date list | November2016 |
| 942 ## - ADDED ENTRY ELEMENTS (KOHA) | |
| Source of classification or shelving scheme | Dewey Decimal Classification |
| Withdrawn status | Item status | Source of classification or shelving scheme | Materials specified (bound volume or other part) | Damaged status | Not for loan | Vendor | Home library | Current library | Shelving location | Date acquired | Source of acquisition | Cost, normal purchase price | Serial Enumeration / chronology | Total Checkouts | Total Renewals | Full call number | Barcode | Date last seen | Date last borrowed | Cost, replacement price | Koha item type |
|---|---|---|---|---|---|---|---|---|---|---|---|---|---|---|---|---|---|---|---|---|---|
| Dewey Decimal Classification | Lost_In_Inventory_12-2-2024 | Baccah | Central Library | Central Library | First floor | 01/11/2016 | Purchase | 690.00 | 25840 | 1 | 24 | 658.144 VAN | 000045203 | 15/07/2025 | 19/01/2017 | 862.50 | Book - Borrowing |